Planning advice note PAN 65 (Record no. 109977)

MARC details
000 -LEADER
fixed length control field 01673cad a22002775a 4500
001 - CONTROL NUMBER
control field E148262
008 - FIXED-LENGTH DATA ELEMENTS--GENERAL INFORMATION
fixed length control field 090825s2008 xxk s000 0 eng u
020 ## - INTERNATIONAL STANDARD BOOK NUMBER
International Standard Book Number 9780755970889
022 1# - INTERNATIONAL STANDARD SERIAL NUMBER
International Standard Serial Number 0141-514X
035 ## - SYSTEM CONTROL NUMBER
System control number (Sirsi) u148262
041 ## - LANGUAGE CODE
Language code of text/sound track or separate title eng
050 04 - LIBRARY OF CONGRESS CALL NUMBER
Classification number 711.1
110 ## - MAIN ENTRY--CORPORATE NAME
Corporate name or jurisdiction name as entry element Scotland
Subordinate unit Scottish Government
9 (RLIN) 5344
245 00 - TITLE STATEMENT
Title Planning advice note PAN 65
Remainder of title planning and open space
Medium [electronic resource]
260 ## - PUBLICATION, DISTRIBUTION, ETC.
Place of publication, distribution, etc. Edinburgh
Name of publisher, distributor, etc. Scottish Government
Date of publication, distribution, etc. 2008
490 ## - SERIES STATEMENT
Series statement Planning Advice Note
Volume/sequential designation (65)
505 2# - FORMATTED CONTENTS NOTE
Formatted contents note Scotland's open space: an invaluable asset -- Policy framework -- The value of open space -- Types of open space -- Open space networks -- Spaces are places -- Open space strategies -- Development planning -- Development management -- Design, management and maintenance -- Conclusions -- Enquiries -- Annex 1: Land use classification incorporating PAN typology -- Annex 2: Additional funding sources -- Useful Contacts -- Selected References
520 ## - SUMMARY, ETC.
Summary, etc. Sets out the role of the planning system in safeguarding existing open spaces and establishing high quality new spaces. Also explains how local authorities can draw up open space strategies and provides examples of best practice. The PAN relates to open space in settlements such as villages, towns and major urban areas and supports "Scottish Planning Policy (SPP) 11: Open Space and Physical Activity".
521 ## - TARGET AUDIENCE NOTE
Target audience note Advanced
590 ## - LOCAL NOTE (RLIN)
Local note KA
650 ## - SUBJECT ADDED ENTRY--TOPICAL TERM
Topical term or geographic name entry element PAN65
651 #4 - SUBJECT ADDED ENTRY--GEOGRAPHIC NAME
Geographic name Scotland
Chronological subdivision 1999-
690 ## - LOCAL SUBJECT ADDED ENTRY--TOPICAL TERM (OCLC, RLIN)
Topical term or geographic name as entry element Planning and development
9 (RLIN) 6259
856 40 - ELECTRONIC LOCATION AND ACCESS
Uniform Resource Identifier <a href="https://www.scotland.gov.uk/Publications/2008/05/30100623/0">https://www.scotland.gov.uk/Publications/2008/05/30100623/0</a>
Public note View the PAN free of charge at www.scotland.gov.uk...
942 ## - ADDED ENTRY ELEMENTS (KOHA)
Suppress in OPAC 0
Holdings
Withdrawn status Lost status Source of classification or shelving scheme Damaged status Not for loan Home library Current library Shelving location Date acquired Total Checkouts Full call number Barcode Date last seen Copy number Price effective from Koha item type
    Dewey Decimal Classification     Virtual Virtual Online 25/08/2009   ONLINE PUBLICATION 148262-2001 06/08/2019 1 06/08/2019 Book